000 00460nam a22001697a 4500
003 NUST - PNEC
005 20170116181150.0
008 151109b xxu||||| |||| 00| 0 eng d
020 _a0030418119
040 _cLIBRARY
082 _a954.91 SAY
100 _915307
_aSayeed, Khalid B
245 _aPolitics in Pakistan : the nature and direction of change
_c Khalid B Sayeed,
260 _cc1980.
650 _915308
_aPakistan
_xGeneral
942 _2ddc
_cBK
999 _c70896
_d70896